Santiago Rusiñol i la literatura hispáanica (Record no. 28166)

MARC details
000 -LEADER
campo de control de longitud fija 00708nam a2200193 i 4500
001 - NÚMERO DE CONTROL
campo de control 28166
003 - IDENTIFICADOR DE NÚMERO DE CONTROL
campo de control ES-MaACL
005 - FECHA Y HORA DE LA ÚLTIMA TRANSACCIÓN
campo de control 20250625150552.0
007 - CAMPO FIJO DE DESCRIPCIÓN FÍSICA--INFORMACIÓN GENERAL
campo de control de longitud fija t|
008 - DATOS DE LONGITUD FIJA--INFORMACIÓN GENERAL
campo de control de longitud fija 030116m19821983sp ||||1| cat d
100 1# - ENTRADA PRINCIPAL--NOMBRE DE PERSONA
Nombre de persona Balcells, José María,
Fechas asociadas al nombre 1943-
9 (RLIN) 24862
245 10 - MENCIÓN DEL TÍTULO
Título Santiago Rusiñol i la literatura hispáanica
Resto del título : homenatge a Carles Rahola /
Mención de responsabilidad, etc. Josep Mª Balcells.
260 ## - PUBLICACIÓN, DISTRIBUCIÓN, ETC.
Lugar de publicación, distribución, etc. [Girona] :
Nombre del editor, distribuidor, etc. Institut d'Estudis Gironins,
Fecha de publicación, distribución, etc. 1982-1983.
300 ## - DESCRIPCIÓN FÍSICA
Extensión 19 p. ;
Dimensiones 24 cm.
500 ## - NOTA GENERAL
Nota general Separata de: Annals de l'Institut d'Estudis Gironins, v. 26, 1982-1983, p. 523-541.
600 14 - PUNTO DE ACCESO ADICIONAL DE MATERIA--NOMBRE DE PERSONA
Nombre de persona Rusiñol, Santiago,
Fechas asociadas al nombre 1861-1931
9 (RLIN) 241043
852 ## - LOCALIZACIÓN
Ubicación ES-MaACL
Número de control de estantería 2138-F-7
Sublocalización o colección R.114393
Holdings
Estatus retirado Estado de pérdida Estado de daño No para préstamo Colección Biblioteca de origen Biblioteca actual Ubicación en estantería Fecha de adquisición Fuente de adquisición Total de préstamos Signatura topográfica completa Código de barras Visto por última vez Precio de reemplazo Tipo de ítem Koha
        Colección de folletos Biblioteca del Ateneo de Madrid Biblioteca del Ateneo de Madrid Depósito folletos 17/01/2008     2138-F-7 1029078 23/02/2023 23/02/2023 Folleto